Draft Guidance on the Construction (Design and Management) Regulations 2015 (Record no. 115318)

MARC details
000 -LEADER
fixed length control field 00881cad a22002055a 4500
001 - CONTROL NUMBER
control field L158456
008 - FIXED-LENGTH DATA ELEMENTS--GENERAL INFORMATION
fixed length control field 100615u2015 xxk g 000 0 eng d
035 ## - SYSTEM CONTROL NUMBER
System control number (Sirsi) u158456
041 0# - LANGUAGE CODE
Language code of text/sound track or separate title eng
110 2# - MAIN ENTRY--CORPORATE NAME
Corporate name or jurisdiction name as entry element Great Britain
Subordinate unit Health and Safety Executive
245 00 - TITLE STATEMENT
Title Draft Guidance on the Construction (Design and Management) Regulations 2015
Medium [electronic resource]
520 ## - SUMMARY, ETC.
Summary, etc. Provides draft Legal (L) Series guidance on the legal requirements in the CDM 2015. It is available before the regulations come into force on 6 April, to help anyone who has duties under the Regulations to prepare in advance.
590 ## - LOCAL NOTE (RLIN)
Local note KA NTK
650 24 - SUBJECT ADDED ENTRY--TOPICAL TERM
Topical term or geographic name entry element CDM 2015
650 24 - SUBJECT ADDED ENTRY--TOPICAL TERM
Topical term or geographic name entry element CDM REGULATIONS
651 #4 - SUBJECT ADDED ENTRY--GEOGRAPHIC NAME
Geographic name Great Britain
Chronological subdivision 1707-
690 ## - LOCAL SUBJECT ADDED ENTRY--TOPICAL TERM (OCLC, RLIN)
Topical term or geographic name as entry element Health and safety
9 (RLIN) 6244
856 40 - ELECTRONIC LOCATION AND ACCESS
Uniform Resource Identifier <a href="https://www.hse.gov.uk/pubns/books/l153.htm">https://www.hse.gov.uk/pubns/books/l153.htm</a>
Public note View the item free of charge at www.hse.gov.uk
942 ## - ADDED ENTRY ELEMENTS (KOHA)
Suppress in OPAC 0
Holdings
Withdrawn status Lost status Source of classification or shelving scheme Damaged status Not for loan Home library Current library Shelving location Date acquired Total Checkouts Full call number Barcode Date last seen Copy number Price effective from Koha item type
    Dewey Decimal Classification     Virtual Virtual Online 06/03/2015   ONLINE PUBLICATION 158456-2001 06/08/2019 1 06/08/2019 Book